000 00605nam a22002177a 4500
003 UA-OsUOA
001 74098
007 ta
008 20110328b un ||||| |||| 00| 0 ukr d
100 _aРодик К.
090 _a82
_bР60
942 _cSA
040 _aUA-OsUOA
_bukr
_cUA-OsUOA
_dUA-OsUOA
245 _aКафка назавжди. Ліна Костенко як дзеркало українського дискурсу
300 _aС.13
955 _a0
041 _aukr
080 _a82
773 0 _w74096
650 7 _a82 Література. Літературознавство
_2UDC
999 _c360387
_d360387